000120401 001__ 120401
000120401 005__ 20221220103613.0
000120401 037__ $$aTAZ-TFG-2022-4423
000120401 041__ $$aspa
000120401 1001_ $$aLahoz Felipe, Andrés
000120401 24200 $$aCompany Digitization, SGA and CRM implementation together with the current implemented ERP review and improvement 
000120401 24500 $$aDigitalización de una empresa, implantación de un SGA y un CRM junto con la revisión y mejora del actual ERP implementado
000120401 260__ $$aZaragoza$$bUniversidad de Zaragoza$$c2022
000120401 506__ $$aby-nc-sa$$bCreative Commons$$c3.0$$uhttp://creativecommons.org/licenses/by-nc-sa/3.0/
000120401 520__ $$aEste proyecto tiene como objetivo principal la actualización y mejora de las funcionalidades de un ERP, la implementación de un SGA y un CRM y otros elementos auxiliares que ayudan en la implementación de los previamente mencionados, como puede ser un BI o una red VPN. <br />El trabajo se ha desarrollado en la empresa DISMAFRIO, especializada en la distribución de material frigorífico y calefacción. El objetivo de la empresa es digitalizar la mayor cantidad de funcionalidades posibles e intentar minimizar el papel utilizado.<br />En esta memoria se exponen las fases realizadas para el desarrollo del proyecto, las funcionalidades que tienen cada uno de los módulos implementados y el estado en el que se encuentra dicho proyecto actualmente. Igualmente, se hace una amplia descripción del funcionamiento, posición y procesos que se desarrollan en la empresa y las necesidades que esta tiene y por lo que se considera necesario introducir estas mejoras.<br />El trabajo de implementación de estos sistemas se ha realizado con la colaboración de los trabajadores de la empresa y empresas externas con experiencia suficiente en el tema y que han sido necesarias para realizar tareas para las cuales se requerían medios no disponibles en la empresa.<br /><br />
000120401 521__ $$aGraduado en Ingeniería de Organización Industrial
000120401 540__ $$aDerechos regulados por licencia Creative Commons
000120401 700__ $$aEsteban Sánchez, Ana Lucía$$edir.
000120401 7102_ $$aUniversidad de Zaragoza$$b $$c
000120401 8560_ $$f698564@unizar.es
000120401 8564_ $$s10443854$$uhttps://zaguan.unizar.es/record/120401/files/TAZ-TFG-2022-4423.pdf$$yMemoria (spa)
000120401 8564_ $$s836030$$uhttps://zaguan.unizar.es/record/120401/files/TAZ-TFG-2022-4423_ANE.pdf$$yAnexos (spa)
000120401 909CO $$ooai:zaguan.unizar.es:120401$$pdriver$$ptrabajos-fin-grado
000120401 950__ $$a
000120401 951__ $$adeposita:2022-12-20
000120401 980__ $$aTAZ$$bTFG$$cALM
000120401 999__ $$a20221122195944.CREATION_DATE